000 00778nam a2200277Ia 4500
003 OSt
005 20220928131112.0
006 a|||||r|||| 00| 0
007 ta
008 220927b |||||||| |||| 00| 0 eng d
020 _c2995
024 _a126180
037 _b236, 24/02/2015, N.R.Book Distributors
_cTextual
040 _aSDCL
_cSDCL
_beng
041 _2eng
_aeng
082 _aG11, Q5
100 _aPlopper George
_9421244
245 0 _aLewin's cells
250 _a3rd
260 _aBurlington
_bJones and Bartlett
_c2015
300 _axxiii;1056p
_ccm.
650 _aGenetics
700 _a Sharp David
_9477118
942 _hG11, Q5
_cTEXL
_2CC
999 _c789590
_d789590